000 00615nam a2200217Ia 4500
005 20241129110132.0
008 241129s9999||||xx |||||||||||||| ||und||
020 _a978-977-05-3019-1
037 _aTB
040 _aARTS
_beng
_cARTS
041 _aeng
_2ara
084 _aO28,1:g(Q7) Q6
_qARTS
100 _aKhaleef Yousuf Au.
_9727339
245 0 _aAl-sher al-jahili
_cKhaleef Yousuf Au.
260 _aCairo, Egypt
_bMaktaba al-naju al-misria
_c2017
300 _a216p.
365 _aINR
_b380
650 _aArabic PoetryIslam
_9727340
942 _cTB
_hO28,1:g(Q7) Q6
999 _c1227439
_d1227439